00385nam a2200121Ia 4500008004100000245012400041260001700165260000900182300000800191650002300199650001200222856002900234170516s9999 xx 000 0 und d aGreen Tea Catechin-Based Complex Micelles Combined with Doxorubicin to Overcome Cardiotoxicity and Multidrug Resistance bTheranostics c2016 a6:9 xMedical Technology xMedtech uhttp://www.thno.org/v6i9